Địa kỹ thuật biển và móng các công trình ngoài khơi

সংরক্ষণ করুন:
গ্রন্থ-পঞ্জীর বিবরন
প্রধান লেখক: Nguyễn, Ngọc Bích
বিন্যাস: গ্রন্থ
ভাষা:Undetermined
প্রকাশিত: Hà Nội Xây dựng 2004
বিষয়গুলি:
ট্যাগগুলো: ট্যাগ যুক্ত করুন
কোনো ট্যাগ নেই, প্রথমজন হিসাবে ট্যাগ করুন!
Thư viện lưu trữ: Trung tâm Học liệu Trường Đại học Cần Thơ
LEADER 00614nam a2200193Ia 4500
001 CTU_94538
008 210402s9999 xx 000 0 und d
020 |c 48000 
082 |a 624.1 
082 |b B302 
100 |a Nguyễn, Ngọc Bích 
245 0 |a Địa kỹ thuật biển và móng các công trình ngoài khơi 
245 0 |c Nguyễn Ngọc Bích, Nguyễn Việt Dương 
260 |a Hà Nội 
260 |b Xây dựng 
260 |c 2004 
650 |a Civil engineering,Rock mechanics 
904 |i Mai Loan 
980 |a Trung tâm Học liệu Trường Đại học Cần Thơ